Statistics for Most Dangerous Animals in North America

Click here to take the quiz!

General Stats

  • This quiz has been taken 78 times
  • The average score is 5 of 8

Answer Stats

HintAnswer% Correct
70 deathsGrizzly Bear
88%
54 deathsBlack Bear
74%
2 deathsWolf
67%
16 deathsCougar
62%
57 deathsShark
55%
33 deathsAlligator
54%
57 deathsSnake
49%
10 deathsPolar Bear
46%

Score Distribution

Percentile by Number Answered

Percent of People with Each Score

Your Score History

You have not taken this quiz